MARC

LEADER 00000nrm a22000007a 4500
001 28527
003 AGDB
005 20260324181525.0
008 240506b spa||||| |||| 00| 0 cat d
040 |a agdb  |b cat 
110 |a Barcelona (Catalunya : Província).  |b Oficina Tècnica de Prevenció Municipal d'Incendis Forestals  |9 9456 
245 |a [Ambientador de cotxe] Ni fum, ni foc. Civisme al bosc! 
246 |a Prevenció d'incendis forestals 
260 |a [Barcelona :   |b Diputació de Barcelona. Oficina Tècnica de Prevenció Municipal d'Incendis Forestals ;   |c 2023] 
300 |a 1 ambientador ;   |c 8 x 8 cm 
650 0 |a Incendis  |x Prevenció  |9 49592 
650 0 |9 54098  |a Objectes publicitaris 
942 |c ARXIU  |n 1 
952 |0 0  |1 0  |4 0  |6 NBM188  |7 1  |9 97020  |a Arxiu  |b Arxiu  |d 2024-05-06  |l 0  |o NBM-18-8  |p 28527  |r 2024-05-06 00:00:00  |w 2024-05-06  |y ARXIU 
999 |c 128855  |d 128855